Teichmuller Theory in Riemannian Geometry

Αποθηκεύτηκε σε:
Λεπτομέρειες βιβλιογραφικής εγγραφής
Κύριος συγγραφέας: Tromba, Anthony
Μορφή: Βιβλίο
Γλώσσα:English
Δημοσίευση: Basel : Birkhauser Verlag, 1992
Σειρά:Lectures in mathematics
Θέματα:
Ετικέτες: Προσθήκη ετικέτας
Δεν υπάρχουν, Καταχωρήστε ετικέτα πρώτοι!

MARC

LEADER 00000nam a2200000 i 4500
001 1/51718
008 950926s1992 eng d
020 |a 3-7643-2735-9 
020 |a 0-8176-2735-9 
035 |a 1995  |c ΚΕΧΑΓΙΑΣ  |l 10044220 
040 |a GR-MY-UA  |b gre  |e aacr 
041 0 |a eng 
082 0 |a 515.9223 
100 1 |a Tromba, Anthony. 
245 1 0 |a Teichmuller Theory in Riemannian Geometry /  |c Anthony J. Tromba ; based on lecture notes by Jochen Denzler 
260 |a Basel :   |b Birkhauser Verlag,   |c 1992 
300 |a 220 p.;  |b ill.;  |c 24 cm. 
490 1 |a Lectures in mathematics 
500 |a Includes bibliographical references and indexes 
650 0 0 |a Teichmuller spaces. 
650 0 0 |a Geometry, Riemannian. 
830 0 |a Lectures in mathematics 
852 |a INST  |b SAMOS  |e 19950926  |h 515.9223 TRO  |p 005300004819  |q 005300004819  |t BK  |y 0 
909 |a Σ  |b 042454